Normal view
MARC view
- Jenkins, Francis A
Entry Personal Name
001 - CONTROL NUMBER
- control field: 95954
003 - CONTROL NUMBER IDENTIFIER
- control field: NUST
005 - DATE AND TIME OF LATEST TRANSACTION
- control field: 20220801102306.0
008 - FIXED-LENGTH DATA ELEMENTS
- fixed length control field: 220801|| aca||aabn | a|a d
040 ## - CATALOGING SOURCE
- Original cataloging agency: NUST
- Transcribing agency: NUST
100 ## - HEADING--PERSONAL NAME
- Personal name: Jenkins, Francis A
670 ## - SOURCE DATA FOUND
- Source citation: Work cat.: (NUST)175434: Jenkins, Francis A., Fundamentals of optics /, c1976.
